000 00741nam a2200181Ia 4500
008 090711s9999 xx 000 0 und d
082 _b18
100 _aजेफ्री र्आSार
245 _a"नॉट अ पेनी मोअर, नॉट अ पेनी लेस"
260 _bमहेता पब्लिकेशन हाऊस
_c1999
300 _a203
600 _aजेफ्री र्आSार
630 _a"नॉट अ पेनी मोअर, नॉट अ पेनी लेस"
700 _aनरवणे अंजनी
700 _aजेफ्री र्आSार
730 _a"नॉट अ पेनी मोअर, नॉट अ पेनी लेस"
942 _cBOOK
999 _c334881
_d334881